Normal view
MARC view
- National characteristics, American.
Entry Topical Term
001 - CONTROL NUMBER
- control field: 8029
003 - CONTROL NUMBER IDENTIFIER
- control field: NUST
005 - DATE AND TIME OF LATEST TRANSACTION
- control field: 20180104173811.0
008 - FIXED-LENGTH DATA ELEMENTS
- fixed length control field: 180104|| aca||aabn | a|a d
040 ## - CATALOGING SOURCE
- Original cataloging agency: NUST
- Transcribing agency: NUST
150 ## - HEADING--TOPICAL TERM
- Topical term or geographic name entry element: National characteristics, American.
670 ## - SOURCE DATA FOUND
- Source citation: Work cat.: (NUST)0: Goodman, Amy, 1957- 8027, Standing up to the madness :, 2008.
